|
|
|
|
| LEADER |
01281nam a2200325 a 4500 |
| 001 |
36233 |
| 003 |
BD-DhAAL |
| 005 |
20211201144926.0 |
| 008 |
191027t2003 nyuab 000 0 eng d |
| 999 |
|
|
|c 41674
|d 41674
|
| 010 |
|
|
|a 2003040551
|
| 020 |
|
|
|a 0194536734 (pbk.)
|
| 020 |
|
|
|a 9780194536738
|
| 040 |
|
|
|a DLC
|c DLC
|d DLC
|d BD-DhAAL
|
| 050 |
0 |
0 |
|a PE1128
|b .B583 2003
|
| 082 |
0 |
0 |
|a 428.4
|2 21
|
| 100 |
1 |
|
|a Blackwell, Angela.
|9 36493
|
| 245 |
1 |
0 |
|a English knowhow.
|p Student book 1 /
|c Angela Blackwell, Therese Naber ; with Gregory J. Martin.
|
| 246 |
3 |
|
|a English knowhow student book 1
|
| 246 |
3 |
|
|a English knowhow student book one
|
| 260 |
|
|
|a New York :
|b Oxford University Press,
|c c2003.
|
| 300 |
|
|
|a v, 138 pages :
|b color illustrations, color maps ;
|c 28 cm.
|
| 526 |
|
|
|a BIED
|
| 541 |
|
|
|a Complimentary copy from BIED
|e 36233
|
| 650 |
|
0 |
|a English language
|v Textbooks for foreign speakers.
|9 36494
|
| 700 |
1 |
|
|a Naber, Therese.
|9 36495
|
| 700 |
1 |
|
|a Manin, Gregory J.
|9 36496
|
| 852 |
|
|
|a Ayesha Abed Library
|c BIED Collection
|
| 942 |
|
|
|2 ddc
|c BK
|
| 952 |
|
|
|0 0
|1 0
|2 ddc
|4 0
|6 428_400000000000000_BLA
|7 0
|9 66918
|a BRACUL
|b BRACUL
|c GEN
|d 2019-10-27
|e Complimentary copy from BIED
|l 0
|o 428.4 BLA
|p 3010036233
|r 2019-10-27
|t 1
|w 2019-10-27
|y BK
|x Transferred from BIED to General Stacks
|